Deník jedné včelky /

Uloženo v:
Hlavní autor: Sekaninová, Štěpánka (Autor)
Další autoři: Dao, Linh (Autor)
Médium: Kniha
Jazyk:Czech
Vydáno: V Praze : Albatros, 2024
Vydání:První vydání
Témata:
Celkem bylo vypůjčeno:0x
Tagy:
Žádné tagy
LEADER 01684nam a2200433 i 4500
001 106476
003 CZ PrNK
005 20260604144942.0
007 ta
008 241129s2024 xr a b 000 j cze
015 |a cnb003645523 
020 |a 9788000073743  |q (vázáno) :  |c Kč 299,00 
040 |a OLA001  |b cze  |d ABA001  |e rda 
072 7 |a 821.162.3-3  |x Česká próza  |2 Konspekt  |9 25 
072 7 |a 821-93  |x Literatura pro děti a mládež (beletrie)  |2 Konspekt  |9 26 
080 |a 821.162.3-32  |2 MRF 
080 |a 821-93  |2 MRF 
080 |a (0:82-32)  |2 MRF 
100 1 |a Sekaninová, Štěpánka  |7 ola2017959546  |4 aut  |9 107885 
245 1 0 |a Deník jedné včelky /  |c Štěpánka Sekaninová, Linh Dao 
250 |a První vydání 
264 1 |a V Praze :  |b Albatros,  |c 2024 
300 |a 31 nečíslovaných stran :  |b barevné ilustrace ;  |c 27 cm 
336 |a text  |b txt  |2 rdacontent 
336 |a statický obraz  |b sti  |2 rdacontent 
337 |a bez média  |b n  |2 rdamedia 
338 |a svazek  |b nc  |2 rdacarrier 
500 |a Napsala Štěpánka Sekaninová, ilustrovala Linh Dao 
500 |a Pro nakladatelství Albatros ve společnosti Albatros Media a.s. připravilo nakladatelství B4U Publishing 
521 8 |a Pro čtenáře od 5 let 
655 7 |a české příběhy  |7 fd133973  |2 czenas  |9 54030 
655 7 |a publikace pro děti  |7 fd133156  |2 czenas  |9 23 
655 9 |a Czech stories  |2 eczenas 
655 9 |a children's literature  |2 eczenas 
700 1 |a Dao, Linh  |7 ola2017959518  |4 ill  |9 108782 
910 |a UOG502 
942 |2 ddc  |c KN 
999 |d 106476 
993 |0 0  |1 421180107196  |2 ddc  |4 0  |6 M  |7 0  |9 99920  |b 0  |c 107196  |d 2026-06-04  |e 0  |f M  |g M  |h 299.00  |i Koupě  |l M  |r 2026-06-04  |t 8  |w 2026-06-04  |y KN  |z BELET  |n